| 000 | 00414nam a2200169Ia 4500 | ||
|---|---|---|---|
| 008 | 180207s9999 xx 000 0 und d | ||
| 020 | _a9780140566529 | ||
| 050 | _bW191 2000 | ||
| 100 | _aWallace, John | ||
| 245 | _aTiny rabbit goes to the park / | ||
| 245 | _cJohn Wallace. | ||
| 260 | _aNew York : | ||
| 260 | _bPuffin Books, | ||
| 260 | _c2000 | ||
| 300 | _aunpaged : | ||
| 300 | _bcolor illustration ; | ||
| 999 |
_c355272 _d355272 |
||